000 00333nam a22001337a 4500
008 181023b xxu||||| |||| 00| 0 eng d
020 _a9780787999995
041 _aeng
080 _a371
100 _a46
101 _aEDU
245 _aSupplemental Instruction: Increasing Achievement and Retention
_cMartin,D.C
942 _2udc
_cBK
999 _c50701
_d50701